Kuk do sveta poznania pre škôlkárov : rozvíjanie poznania podľa programu výchovy a vzdelávania v materských školách pre 4-5 ročné deti

Podrobná bibliografia
Ďalší autori: Nováková, Mária (Iluminátor)
Médium: Kniha
Jazyk:slovenčina
Fyzický popis:32 s. 30 cm
Vydavateľské údaje: Košice NOMI 2001
ISBN:8088958369
Predmet:

MARC

LEADER 00000nam a2200000 a 4500
001 vtls001440906
003 SK-MaSNL
005 20260331203959.0
008 160318s2001 xo 0 slo
015 |a SNBG2002/04-02096 
020 |a 8088958369 
035 |a SNK000396087 
040 |a SNK  |b slo  |c SNK  |e AACR2 
041 0 |a slo 
044 |a xo  |c SK 
080 |a 372.48(076.5)(084)  |2 1981 
100 1 |a Nováková, Mária  |4 ilu  |9 272673 
245 1 |a Kuk do sveta poznania  |h grafika  |b pre škôlkárov : rozvíjanie poznania podľa programu výchovy a vzdelávania v materských školách pre 4-5 ročné deti  |c autorka: Mária Nováková ; ilustrovala: Mária Nováková ; obálku ilustrovala: Mária Nováková 
260 |a Košice  |b NOMI  |c 2001 
300 |a 32 s.  |c 30 cm 
500 |a Obalový názov 
650 0 7 |a prvouka  |x zošity pracovné  |2 SNK  |9 393093 
650 0 7 |a zošity pracovné  |2 SNK  |9 295269 
919 |a 80-88958-36-9 
958 |a GPZ 
958 |a TL 
958 |a DB 
958 |a BQ 
999 |c 986552  |d 988482 
952 |t P60, <03>, [BOOK], {603}  |a SNK  |b SNK  |y PREZ  |7 0  |p 17A0357007  |o snkOSB 13395  |i snkKSP 11454/2002  |0 0  |1 0  |4 0  |d 2002-09-20  |l 0  |r 2005-01-02 00:00:00  |w 2026-02-24 
952 |t P60, <03>, [BOOK], {604}  |a SNK  |b SNK  |y PREZ  |7 0  |p 17A0439087  |o snkOSB 13395 D1  |i snkKSP 10732/2004  |g 13.28  |0 0  |1 0  |4 0  |d 2004-08-11  |l 0  |r 2005-01-02 00:00:00  |w 2026-02-24